Biblioteca

El nuevo ¿dónde está Wally? / Martin Handford ; traducción, Enrique Sánchez Abulí ; rev. Mireira Blasco (Registro nro. 48818)

Detalles MARC
000 -LÍDER
Campo fijo de descripción fija 006130000a22002170004500
001 - NÚMERO DE CONTROL
Campo de control 1660
003 - IDENTIFICADOR DEL NÚMERO DE CONTROL
Campo de control CO-MdFUSB
005 - FECHA Y HORA DE LA ULTIMA TRANSACCIÓN
control field 20171006160109.0
008 - ELEMENTOS DE LONGITUD FIJA -- INFORMACIÓN GENERAL
Campo fijo de descripción fija -- Información general 170912b xxu||||| |||| 00| 0 eng d
020 ## - NÚMERO INTERNACIONAL NORMALIZADO PARA LIBROS
Número Internacional Normalizado del libro 978-84-666-3379-6
040 ## - FUENTE DE CATALOGACIÓN
Agencia que realiza la transcripción CO-MdBIC
082 04 - NÚMERO DE CLASIFICACIÓN DECIMAL DEWEY
Número de clasificación 790 H191wn2
100 1# - ASIENTO PRINCIPAL--NOMBRE PERSONAL
Nombre personal Handford, Martin
245 10 - TÍTULO
Título del Material El nuevo ¿dónde está Wally? / Martin Handford ; traducción, Enrique Sánchez Abulí ; rev. Mireira Blasco
250 ## - MENCIÓN DE EDICIÓN
Mención de edición 1a ed
260 ## - PUBLICACIÓN, DISTRIBUCIÓN, ETC. (PIE DE IMPRENTA)
Lugar de publicación, distribución, etc. Barcelona : Ediciones B, S. A.
300 ## - DESCRIPCIÓN FÍSICA
Extensión [28 P.]
500 ## - NOTA GENERAL
Nota General Título original "Where´s Wally?"
650 14 - ASIENTO SECUNDARIO DE MATERIA - TERMINO TEMÁTICO
Término temático o nombre geográfico como elemento de entrada Recreativo
942 ## - TIPO DE MATERIAL (KOHA)
Tipo de Item KOHA Z- Libro General BINCO
Existencias
Estado de Material Estado de Perdido Forma de Clasificación Volumen-Parte/Tomo Estado de Dañado No para Préstamo Tomo Biblioteca de Origen Biblioteca Permanente Fecha de Adquisición Total de Préstamos Signatura Topográfica Código de Barras Última vez visto Última vez Préstado Ejemplar/Existencia Fecha de Remplazo Tipo de Material
    Dewey Decimal Classification         Biblioteca Infantil Comunitaria BINCO Biblioteca Infantil Comunitaria BINCO 15/10/2008 3 790 H191wn2 B32333 24/03/2022 16/03/2022 1 26/01/2016 Z- Libro General BINCO

Biblioteca FUSBC | Teléfono: (57+4) 349 88 10 Ext. 141| WhatsApp (+57) 3005338115 
E-mail: biblioteca@unisbc.edu.co | Calle 76 87-14 Robledo Palenque, Medellín, Colombia

Con tecnología Koha